书目信息 |
| 题名: |
碳纤维布补强加固混凝土结构新技术
|
|
| 作者: | 赵彤 , 谢剑 著 | |
| 分册: | ||
| 出版信息: | 天津 天津大学出版社 2001.1 |
|
| 页数: | 123页 | |
| 开本: | 20cm | |
| 丛书名: | ||
| 单 册: | ||
| 中图分类: | TU370.2-39 | |
| 科图分类: | ||
| 主题词: | 混凝土结构 , 钢筋混凝土结构 | |
| 电子资源: | ||
| ISBN: | 7-5618-1381-3 | |
| 000 | 00678nam0 2200217 45 | |
| 001 | 0253606762 | |
| 005 | 2002041614532656 | |
| 010 | @a7-5618-1381-3@dRMB 16.00 | |
| 100 | @a20020416d2001 km y0chiy0120 ea | |
| 101 | 0 | @achi |
| 102 | @aCN@b120000 | |
| 200 | 1 | @a碳纤维布补强加固混凝土结构新技术@ATan Xian Wei Bu Bu Qiang Jia Gu Hun Ning Tu Jie Gou Xin Ji Shu@f赵彤,谢剑著@FZhao Tong,Xie Jian Zhu |
| 210 | @a天津@c天津大学出版社@d2001.1 | |
| 215 | @a123页@d20cm | |
| 606 | 0 | @a混凝土结构 |
| 606 | 0 | @a钢筋混凝土结构 |
| 690 | @aTU370.2-39@v3 | |
| 701 | 0 | @a赵彤@AZhao Tong@4著 |
| 701 | 0 | @a谢剑@AXie Jian@4著 |
| 801 | 0 | @aCN@bPFT@c20020416 |
| 905 | @a安徽大学@dTU370.2-39@eZ322 | |
| 碳纤维布补强加固混凝土结构新技术/赵彤,谢剑著.-天津:天津大学出版社,2001.1 |
| 123页;20cm |
| ISBN 7-5618-1381-3:RMB 16.00 |
| ● |
| 相关链接 |
|
|
|
正题名:碳纤维布补强加固混凝土结构新技术
索取号:TU370.2-39/Z322
 
预约/预借
| 序号 | 登录号 | 条形码 | 馆藏地/架位号 | 状态 | 备注 |
| 1 | 356792 | 203567924 | 建筑库101/101建筑库 86排4列1层/ [索取号:TU370.2-39/Z322] | 在馆 | |
| 2 | 356793 | 203567933 | 建筑库101/ [索取号:TU370.2-39/Z322] | 在馆 | |
| 3 | 356794 | 203567942 | 建筑库101/101建筑库 86排4列1层/ [索取号:TU370.2-39/Z322] | 在馆 |